Plant virus serology (Record no. 20247)

MARC details
000 -LEADER
fixed length control field 00347nam a2200133Ia 4500
082 ## - DEWEY DECIMAL CLASSIFICATION NUMBER
Classification number 578.89:581
Item number MAT
100 ## - MAIN ENTRY--AUTHOR NAME
Personal name Matthews, R E F
245 #0 - TITLE STATEMENT
Title Plant virus serology
260 ## - PUBLICATION, DISTRIBUTION, ETC. (IMPRINT)
Place of publication Cambridge
Name of publisher Cambridge University Press
Year of publication 1957
650 ## - SUBJECT ADDED ENTRY--TOPICAL TERM
Topical Term Plant virus serology
650 ## - SUBJECT ADDED ENTRY--TOPICAL TERM
Topical Term Virus
942 ## - ADDED ENTRY ELEMENTS (KOHA)
Koha item type Books
Holdings
Withdrawn status Lost status Damaged status Not for loan Home library Current library Date acquired Full call number Accession Number Koha item type
        RRII Library RRII Library 16/12/2021 578.89:581 MAT 00976 Books